000 00241nam a2200097Ia 4500
008 240331s9999 xx 000 0 und d
082 _bCOO
100 _aCooray, J.A.L
245 0 _aConstitutional and administrative law of Sri Lanka
942 _cL
999 _c2783
_d2783